[Event "Sautron op 19th"]
[Site "Sautron"]
[Date "2019.10.19"]
[Round "1.1"]
[White "Boulart, Emilie"]
[Black "Stany, George Anthony"]
[Result "0-1"]
[WhiteElo "1793"]
[BlackElo "2504"]
[PlyCount "89"]
[EventDate "2019.12.10"]
[EventType "swiss"]
[EventRounds "9"]
[EventCountry "FRA"]
[SourceTitle "EXT 2022"]
[Source "ChessBase"]
[SourceDate "2021.10.06"]
[SourceVersion "1"]
[SourceVersionDate "2021.10.06"]
[SourceQuality "1"]

1. e4 c5 2. c3 Nf6 3. e5 Nd5 4. d4 cxd4 5. cxd4 d6 6. Nf3 Nc6 7. Bc4 e6 8. 0-0 Be7 9. Bd2 0-0 10. Nc3 Nb6 11. Bb3 Bd7 12. Rc1 Na5 13. Ne4 Nxb3 14. Qxb3 Ba4 15. Qe3 Bb5 16. Rfd1 Nc4 17. Qb3 Nxd2 18. Rxd2 Bc6 19. exd6 Bxd6 20. Nxd6 Qxd6 21. Qe3 Rfd8 22. Ne5 Bd5 23. b3 a5 24. Nc4 Qc6 25. Rd3 Qa6 26. Qe5 f6 27. Qf4 Rac8 28. Rg3 b5 29. Nb2 Qd6 30. Rxc8 Rxc8 31. Qd2 Qb4 32. Qd1 Rc3 33. a3 Qxb3 34. Qxb3 Rxb3 35. Rxb3 Bxb3 36. f3 Bc2 37. Kf2 a4 38. Ke3 b4 39. Nc4 Bb3 40. Kd3 Bxc4+ 41. Kxc4 bxa3 42. Kc3 Kf7 43. Kc2 Ke7 44. Kb1 Kd6 45. Ka2 0-1